000
00283 a2200109 4500
020
_a
9788194440031
100
_a
SOUMYA KURIAN
_9
119060
245
_a
TEXTBOOK OF PEDIATRIC NURSING
250
_a
2ND
260
_b
EMMESS MEDICAL PUBLISHERS
_c
2020
999
_c
97428
_d
97428
650
_a
CHILD HEALTH NURSING
_9
181697